| 000 | 00541nam a2200181 a 4500 | ||
|---|---|---|---|
| 005 | 20140412111246.0 | ||
| 008 | 010327s19uu xx 00 eng d | ||
| 020 | _a971-8613-68-4 | ||
| 050 |
_aM 005.13 _bA311 1992 |
||
| 100 | _aAitken, Peter G. | ||
| 245 |
_a10 minute: guide to word for windows 2 / _cPeter G. Aitken. |
||
| 260 |
_aManila, Philippines : _bGlobal Publishing, _c1992. |
||
| 300 | _a144 p. | ||
| 520 | _aQuick lessons for word for windows success! | ||
| 650 | _aComputer program | ||
| 650 | _aComputer | ||
| 999 |
_c102939 _d102939 |
||